[Event "European Senior Chess Championship 2018"]
[Site "Drammen, Norway"]
[Date "2018.08.03"]
[Round "8"]
[White "Jensen, Thore Nyboe"]
[Black "Syvertsen, Rolf E"]
[Result "1-0"]
[WhiteElo "2083"]
[BlackElo "1884"]
[PlyCount "75"]
[EventDate "2018.??.??"]

1. e4 c5 2. Nf3 Nc6 3. Nc3 e5 4. Bc4 d6 5. d3 Be7 6. Nd5 Nf6 7. c3 O-O 8. Nxe7+
Qxe7 9. Bg5 h6 10. Bh4 Be6 11. Bb3 b5 12. O-O a5 13. h3 a4 14. Bc2 g6 15. Re1
Kg7 16. d4 cxd4 17. cxd4 Nb4 18. Bb1 Rfd8 19. Qd2 Na6 20. Bd3 Bc4 21. Bxc4 bxc4
22. dxe5 dxe5 23. Qc3 Re8 24. Qxc4 Qb4 25. Nxe5 Qxc4 26. Bxf6+ Kxf6 27. Nxc4
Nb4 28. Re2 Rad8 29. Nb6 a3 30. bxa3 Nc6 31. f3 Nd4 32. Rb2 Re6 33. Kf2 Ke5 34.
a4 Rc6 35. Rd1 Ne6 36. Nd7+ Kf4 37. h4 Rxd7 38. Rxd7 1-0

[Event "European Senior Chess Championship 2018"]
[Site "Drammen, Norway"]
[Date "2018.08.03"]
[Round "8"]
[White "Rishovd, Svein"]
[Black "Voll, Oddvar U"]
[Result "1-0"]
[WhiteElo "2046"]
[BlackElo "1907"]
[PlyCount "124"]
[EventDate "2018.??.??"]

1. d4 d6 2. e4 Nf6 3. Nc3 Nbd7 4. Nf3 e5 5. Bc4 Be7 6. a4 c6 7. O-O Qc7 8. h3
h6 9. Re1 Nf8 10. Be3 g5 11. Nh2 Ng6 12. Ng4 Nf4 13. dxe5 dxe5 14. Nxf6+ Bxf6
15. Bxf4 gxf4 16. Qh5 Qe7 17. Rad1 Be6 18. Bxe6 Qxe6 19. Rd3 Rd8 20. Red1 Rxd3
21. Rxd3 Be7 22. Qd1 Rg8 23. b3 Qg6 24. Qf3 Bc5 25. Kf1 Ke7 26. Ne2 Qe6 27. Kg1
Rd8 28. Rxd8 Kxd8 29. Nc1 Kc7 30. Nd3 Bd4 31. Kh2 f5 32. g3 fxg3+ 33. fxg3 fxe4
34. Qxe4 Qf6 35. Kg2 Qg5 36. Qe2 Kd6 37. h4 Qg6 38. Nf2 Bxf2 39. Kxf2 Qf5+ 40.
Ke3 Kc7 41. Qc4 Qf6 42. Qg4 Qd6 43. Qf5 Qd4+ 44. Ke2 Qd5 45. Qh7+ Kc8 46. Qxh6
Qg2+ 47. Ke3 Qxg3+ 48. Ke4 Qe1+ 49. Kf5 Qf2+ 50. Kxe5 Qxc2 51. Qf8+ Kc7 52.
Qf7+ Kb8 53. h5 Qc3+ 54. Kf5 Qf3+ 55. Kg6 Qg3+ 56. Kh7 Qd3+ 57. Kg8 Qg3+ 58.
Kf8 Qd6+ 59. Qe7 Qh6+ 60. Kg8 Qd2 61. h6 Qg2+ 62. Kf8 Qf3+ 1-0

[Event "European Senior Chess Championship 2018"]
[Site "Drammen, Norway"]
[Date "2018.08.03"]
[Round "8"]
[White "Harstad, Christian"]
[Black "Frimanslund, Berge"]
[Result "1-0"]
[WhiteElo "1985"]
[BlackElo "1521"]
[PlyCount "77"]
[EventDate "2018.??.??"]

1. d4 d5 2. c4 e5 3. dxe5 d4 4. Nf3 Bb4+ 5. Nbd2 c5 6. g3 Nc6 7. Bg2 Nge7 8.
O-O Bxd2 9. Bxd2 Ng6 10. Bg5 Qc7 11. e3 h6 12. Bf4 Nxf4 13. gxf4 Bg4 14. Qd3
O-O-O 15. a3 dxe3 16. Qxe3 Bxf3 17. Qxf3 Nd4 18. Qd3 Ne6 19. Bd5 Nxf4 20. Qf5+
Ne6 21. b4 Kb8 22. bxc5 Nxc5 23. Rab1 b6 24. f4 Rhf8 25. Qc2 Ne6 26. Qe4 Qc5+
27. Kh1 Nc7 28. Rfd1 Nxd5 29. cxd5 Rfe8 30. a4 g6 31. Rbc1 Qa3 32. a5 Rc8 33.
Ra1 Qc5 34. axb6 axb6 35. Qa4 Qa5 36. Qd7 Red8 37. Qxf7 Rf8 38. Qxg6 Rg8 39.
Qd6+ 1-0

[Event "European Senior Chess Championship 2018"]
[Site "Drammen, Norway"]
[Date "2018.08.03"]
[Round "8"]
[White "Gonzalez Pabollet, Jesus Maria S"]
[Black "Krohg, Georg A"]
[Result "1/2-1/2"]
[WhiteElo "1818"]
[BlackElo "1956"]
[PlyCount "89"]
[EventDate "2018.??.??"]

1. e4 e6 2. g3 d5 3. Bg2 c5 4. exd5 exd5 5. d4 Nf6 6. Ne2 Nc6 7. O-O Bf5 8. Re1
Be7 9. dxc5 O-O 10. Nd4 Be4 11. Nxc6 bxc6 12. b4 a5 13. f3 Bg6 14. c3 Nd7 15.
Bb2 Bf6 16. a3 Ne5 17. Ra2 Re8 18. Ba1 Qd7 19. Rae2 Nd3 20. Bh3 Rxe2 21. Qxe2
Qd8 22. Rd1 Qe8 23. Bf1 Ne5 24. Nd2 axb4 25. cxb4 Rxa3 26. f4 Nf3+ 27. Nxf3
Qxe2 28. Bxe2 Bxa1 29. b5 cxb5 30. Rxd5 f6 31. c6 Rc3 32. Rd8+ Kf7 33. Rd7+ Ke8
34. Bxb5 Rc1+ 35. Kg2 Bf5 36. Rxg7 Rc2+ 37. Kf1 Rc1+ 38. Kf2 Rc2+ 39. Ke1 Bb2
40. Rb7 Rc1+ 41. Ke2 Rc2+ 42. Ke3 Kd8 43. Ba4 Rc3+ 44. Kf2 Ba3 45. Rb3 1/2-1/2

[Event "European Senior Chess Championship 2018"]
[Site "Drammen, Norway"]
[Date "2018.08.03"]
[Round "8"]
[White "Gunnarsson, Lennart"]
[Black "Andersson, Kjell-Ake"]
[Result "0-1"]
[WhiteElo "1771"]
[BlackElo "1940"]
[PlyCount "42"]
[EventDate "2018.??.??"]

1. d4 Nf6 2. c4 e6 3. Nc3 Bb4 4. Qc2 Nc6 5. e3 O-O 6. Bd2 d6 7. Nf3 e5 8. d5
Ne7 9. e4 Ng6 10. h3 Nh5 11. a3 Bxc3 12. Qxc3 Bd7 13. Bd3 Nhf4 14. Bxf4 Nxf4
15. Bf1 f5 16. g3 fxe4 17. Nxe5 dxe5 18. gxf4 exf4 19. Rg1 Qf6 20. Kd2 e3+ 21.
Ke2 f3+ 
0-1

[Event "European Senior Chess Championship 2018"]
[Site "Drammen, Norway"]
[Date "2018.08.03"]
[Round "8"]
[White "Lystad, Frank"]
[Black "Johansen, Arild"]
[Result "1/2-1/2"]
[WhiteElo "1733"]
[BlackElo "1935"]
[PlyCount "35"]
[EventDate "2018.??.??"]

1. d4 c5 2. d5 e5 3. c4 d6 4. Nc3 Be7 5. e4 Bg5 6. Be2 Bxc1 7. Qxc1 Ne7 8. Qg5
O-O 9. Nf3 f5 10. h4 Ng6 11. Qxd8 Rxd8 12. g3 Na6 13. a3 Nc7 14. Bd3 Rf8 15.
exf5 Bxf5 16. Bxf5 Rxf5 17. Nd2 Ne8 18. Nde4 
1/2-1/2

[Event "European Senior Chess Championship 2018"]
[Site "Drammen, Norway"]
[Date "2018.08.03"]
[Round "8"]
[White "Andersen, Guttorm"]
[Black "Hanssen, John Christian"]
[Result "1-0"]
[WhiteElo "1767"]
[BlackElo "1570"]
[PlyCount "111"]
[EventDate "2018.??.??"]

1. d4 d5 2. e3 c5 3. c3 cxd4 4. cxd4 Nf6 5. Bd3 Bg4 6. Nf3 e6 7. Qa4+ Nc6 8.
Ne5 Qa5+ 9. Qxa5 Nxa5 10. Bb5+ Ke7 11. Bd2 Nc6 12. Bxc6 bxc6 13. Nxc6+ Kd7 14.
Ne5+ Ke8 15. Nc3 a6 16. O-O Bb4 17. a3 Bxc3 18. Bxc3 Be2 19. Rfe1 Bb5 20. a4
Bd7 21. f3 Bc8 22. Bb4 Nd7 23. Nc6 Bb7 24. Na5 Bc8 25. Rec1 f6 26. Rc7 Kf7 27.
Rac1 Kg6 28. Nc6 Kh6 29. a5 Nb8 30. Ne7 Bd7 31. Rb7 Bb5 32. Rcc7 Rd8 33. Rb6
Nd7 34. Rxe6 Nf8 35. Ng8+ Kg6 36. Ne7+ Kg5 37. h4+ Kxh4 38. Rb6 Kg5 39. g4 Rd7
40. Rxd7 Nxd7 41. Rd6 Kh6 42. Rxd5 g5 43. Nf5+ Kg6 44. Kf2 Ra7 45. Bc5 Ra8 46.
Nd6 Bc6 47. Rf5 Ba4 48. Nc4 Bc2 49. e4 Bb3 50. Nb6 Nxb6 51. axb6 Be6 52. Bd6
Bxf5 53. gxf5+ Kf7 54. b7 Rd8 55. b8=Q Rxb8 56. Bxb8 1-0

[Event "European Senior Chess Championship 2018"]
[Site "Drammen, Norway"]
[Date "2018.08.03"]
[Round "8"]
[White "Hansen, Roy Drange"]
[Black "Skar, Oystein"]
[Result "1/2-1/2"]
[WhiteElo "1468"]
[BlackElo "1705"]
[PlyCount "100"]
[EventDate "2018.??.??"]

1. e4 e6 2. d4 d5 3. exd5 exd5 4. Nf3 Nf6 5. Bg5 Be7 6. h3 O-O 7. Bd3 b6 8. O-O
c5 9. b3 Nc6 10. c3 Bb7 11. Re1 Re8 12. Nbd2 Qc7 13. Qb1 h6 14. Be3 Bd6 15. a4
Bf4 16. Nf1 Ne4 17. Qc1 Bxe3 18. Nxe3 Na5 19. Rb1 Nxb3 20. Rxb3 c4 21. Bxc4
dxc4 22. Rb4 Nd6 23. Ne5 a5 24. Rb2 f6 25. N5g4 h5 26. Nh2 Be4 27. f3 Bc6 28.
Qc2 Rab8 29. Qg6 Qf7 30. Qg3 Qd7 31. Ra2 b5 32. Nhf1 b4 33. Nd2 bxc3 34. Ndf1
Rb2 35. Rea1 Reb8 36. d5 Ba8 37. Kh2 Rxa2 38. Rxa2 Rb2 39. Ra1 Rb3 40. Qe1 Qc7
41. Kh1 Qe7 42. Qd1 Qc7 43. Qc2 Qc5 44. Rd1 Qb4 45. Rd4 Rb2 46. Qg6 Qb7 47.
Rxc4 Nxc4 48. Qe8+ Kh7 49. Qxh5+ Kg8 50. Qe8+ Kh7 1/2-1/2

[Event "European Senior Chess Championship 2018"]
[Site "Drammen, Norway"]
[Date "2018.08.03"]
[Round "8"]
[White "Stubrud, Jan Magne"]
[Black "Evensen, Per-Erik"]
[Result "1/2-1/2"]
[WhiteElo "1667"]
[BlackElo "1447"]
[PlyCount "78"]
[EventDate "2018.??.??"]

1. c4 Nf6 2. g3 e6 3. Bg2 d5 4. b3 Be7 5. Bb2 O-O 6. Nf3 Nbd7 7. Nc3 c6 8. O-O
Qa5 9. e3 Ba3 10. Bxa3 Qxa3 11. Qc2 Qa5 12. Ne2 Re8 13. a3 Nf8 14. b4 Qd8 15.
d4 Ng6 16. Nf4 Nf8 17. c5 Ne4 18. Nd2 Nxd2 19. Qxd2 e5 20. Ne2 e4 21. f3 f5 22.
fxe4 fxe4 23. Rf2 Ne6 24. Raf1 Rf8 25. Rxf8+ Nxf8 26. Nf4 Ne6 27. Qf2 Qe7 28.
h4 Bd7 29. Nxe6 Bxe6 30. Qf4 Rf8 31. Qxf8+ Qxf8 32. Rxf8+ Kxf8 33. Kh2 h5 34.
a4 Ke7 35. Bf1 Bd7 36. Be2 Bg4 37. Bf1 Kd8 38. Kg2 Kc7 39. Kf2 Bf3 
1/2-1/2

[Event "European Senior Chess Championship 2018"]
[Site "Drammen, Norway"]
[Date "2018.08.03"]
[Round "8"]
[White "Jorgensen, Asle"]
[Black "Lillebo, Hakon"]
[Result "1-0"]
[WhiteElo "1628"]
[BlackElo "1637"]
[PlyCount "95"]
[EventDate "2018.??.??"]

1. e4 c6 2. d4 d5 3. e5 Bf5 4. Bd3 Bxd3 5. Qxd3 e6 6. Ne2 c5 7. c3 Nc6 8. O-O
Nge7 9. f4 Nf5 10. g4 Nh4 11. f5 exf5 12. gxf5 Be7 13. Qg3 Qd7 14. f6 gxf6 15.
exf6 O-O-O 16. Qxh4 Rdg8+ 17. Ng3 Rg4 18. Qh5 Bd6 19. Bh6 cxd4 20. Qf5 d3 21.
Qxd7+ Kxd7 22. Nd2 Rhg8 23. Bg7 Re8 24. Rae1 Bxg3 25. hxg3 Rxg3+ 26. Kf2 Rh3
27. Rxe8 Kxe8 28. Nf3 Nd8 29. Rd1 Ne6 30. Rxd3 Rh5 31. Re3 Kd8 32. Re5 Rh1 33.
Rxd5+ Kc8 34. Rd2 Nc5 35. Ke3 Rh3 36. Rh2 Rxh2 37. Nxh2 Na4 38. Nf3 Kd8 39. Ng5
Ke8 40. Nxh7 Nxb2 41. Ng5 Nc4+ 42. Kd4 b5 43. Kc5 a6 44. Ne4 Kd7 45. Bf8 Ke6
46. Be7 Ne5 47. Kb6 Ng6 48. Nc5+ 1-0

[Event "European Senior Chess Championship 2018"]
[Site "Drammen, Norway"]
[Date "2018.08.03"]
[Round "8"]
[White "Syvertsen, Finn"]
[Black "Bergquist, Rune"]
[Result "0-1"]
[WhiteElo "1426"]
[BlackElo "1566"]
[PlyCount "65"]
[EventDate "2018.??.??"]

1. d4 d5 2. Bf4 Nf6 3. e3 Bf5 4. Nd2 e6 5. a3 Nbd7 6. Ngf3 Be7 7. Ne5 O-O 8.
Bd3 Bxd3 9. cxd3 Nxe5 10. dxe5 c5 11. exf6 Bxf6 12. Qc2 Rc8 13. O-O c4 14. dxc4
dxc4 15. Ne4 Be7 16. Rfd1 Qb6 17. Rd4 Qa6 18. Rd7 Rfe8 19. Nd6 Bxd6 20. Rxd6
Qb5 21. Qc3 e5 22. Bg3 Qc5 23. Rad1 f6 24. R6d5 Qb6 25. h3 h6 26. Qa5 Qxb2 27.
R5d2 Qb3 28. Qb4 Qxb4 29. axb4 c3 30. Rd7 c2 31. Rc1 Rc4 32. Rxb7 Rd8 33. Kh2
0-1

[Event "European Senior Chess Championship 2018"]
[Site "Drammen, Norway"]
[Date "2018.08.03"]
[Round "8"]
[White "Eng, Thor"]
[Black "Lie, Bjorn"]
[Result "0-1"]
[WhiteElo "1429"]
[BlackElo "1551"]
[PlyCount "60"]
[EventDate "2018.??.??"]

1. e4 c5 2. d4 cxd4 3. c3 d3 4. Bxd3 Nc6 5. Nf3 d6 6. O-O g6 7. Re1 Bg7 8. Bg5
Nf6 9. Nbd2 O-O 10. Rc1 a6 11. Nb3 Bg4 12. Bf4 Nh5 13. Be3 Rc8 14. Be2 Nf6 15.
h3 Bxf3 16. Bxf3 Ne5 17. Bd4 Nfd7 18. Be2 b5 19. f4 Nc4 20. Bxg7 Kxg7 21. Bxc4
Rxc4 22. Kh2 Qc7 23. g3 Nc5 24. Nd4 Nd7 25. Qe2 Rc8 26. Qf3 b4 27. Re3 Rxd4 28.
cxd4 Qxc1 29. h4 Qxb2+ 30. Kh3 Rc2 
0-1

[Event "European Senior Chess Championship 2018"]
[Site "Drammen, Norway"]
[Date "2018.08.03"]
[Round "9"]
[White "Zimmermann, Luc"]
[Black "Agdestein, Simen"]
[Result "0-1"]
[WhiteElo "2184"]
[BlackElo "2576"]
[PlyCount "72"]
[EventDate "2018.??.??"]

1. e4 e5 2. Bc4 Nf6 3. d3 c6 4. Nf3 d5 5. Bb3 Bb4+ 6. Bd2 Bxd2+ 7. Nbxd2 Nbd7
8. O-O O-O 9. Re1 d4 10. c3 dxc3 11. bxc3 b5 12. d4 Qe7 13. dxe5 Ng4 14. e6
fxe6 15. e5 c5 16. Qe2 Rb8 17. a4 a6 18. axb5 axb5 19. Bc2 g6 20. Ra7 Qd8 21.
h4 Qb6 22. Rea1 c4 23. Ne4 Bb7 24. h5 gxh5 25. Nfg5 Ndxe5 26. Nxh7 Rf7 27. Nhg5
Rg7 28. Qd2 Rd8 29. Qe2 Rf8 30. Nxe6 Qxe6 31. Rxb7 Rxb7 32. Nc5 Qd6 33. Nxb7
Nf3+ 34. Qxf3 Qh2+ 35. Kf1 Rxf3 36. gxf3 Qxf2# 0-1

[Event "European Senior Chess Championship 2018"]
[Site "Drammen, Norway"]
[Date "2018.08.03"]
[Round "9"]
[White "Holst, Conny"]
[Black "Elseth, Roar"]
[Result "1-0"]
[WhiteElo "2147"]
[BlackElo "2311"]
[PlyCount "137"]
[EventDate "2018.??.??"]

1. d4 d5 2. c4 e6 3. Nc3 Be7 4. Nf3 Nf6 5. Bg5 h6 6. Bh4 O-O 7. e3 b6 8. Qc2
Bb7 9. cxd5 exd5 10. Bd3 c5 11. O-O Nc6 12. a3 Re8 13. Rad1 cxd4 14. exd4 Nh5
15. Bxe7 Rxe7 16. Bb5 Qd6 17. Qf5 Nf6 18. Bxc6 Bxc6 19. Ne5 Bb7 20. Rfe1 Rae8
21. Re3 a6 22. Rde1 Bc8 23. Qf3 b5 24. h3 Be6 25. Nd3 Ne4 26. Nxe4 dxe4 27.
Qxe4 Bxh3 28. Qxe7 Rxe7 29. Rxe7 Qxd4 30. R1e3 Bf5 31. Ne5 Be6 32. b4 Kh7 33.
Nf3 Qd1+ 34. Re1 Qd8 35. Ra7 Qb6 36. Re7 a5 37. bxa5 Qxa5 38. Re3 Qd8 39. Ra7
Qb6 40. Re7 Qc5 41. Re8 Qc1+ 42. Kh2 Bd5 43. R8e7 Qf1 44. Kg3 f5 45. R3e5 Be4
46. Rd7 Bc6 47. Rd6 Qc4 48. Rxf5 Be4 49. Re5 Qc7 50. Rde6 Bd5 51. Re7 Qd6 52.
Nh4 Be4 53. f3 Bd3 54. f4 Qxa3 55. Re3 Qd6 56. R7e6 Qd5 57. R6e5 Qc4 58. f5 Qc7
59. Kf2 Qc2+ 60. Kg3 b4 61. f6 Qc7 62. Kf2 Qf7 63. Nf3 Bc4 64. fxg7 b3 65.
g8=Q+ Qxg8 66. Re7+ Kg6 67. Ne5+ Kf6 68. Nd7+ Kf5 69. Rf3+ 1-0

[Event "European Senior Chess Championship 2018"]
[Site "Drammen, Norway"]
[Date "2018.08.03"]
[Round "9"]
[White "Clark, Gary M"]
[Black "Eriksen, Terje"]
[Result "1/2-1/2"]
[WhiteElo "2285"]
[BlackElo "2142"]
[PlyCount "28"]
[EventDate "2018.??.??"]

1. d4 Nf6 2. c4 e6 3. Nf3 Bb4+ 4. Bd2 a5 5. g3 d5 6. Bg2 dxc4 7. O-O c6 8. a4
O-O 9. Qc2 Bxd2 10. Nbxd2 b5 11. b3 cxb3 12. Nxb3 b4 13. Ne5 Nd5 14. Nc5 Qc7
1/2-1/2

[Event "European Senior Chess Championship 2018"]
[Site "Drammen, Norway"]
[Date "2018.08.03"]
[Round "9"]
[White "Bjerke, Richard"]
[Black "Blechzin, Igor"]
[Result "1/2-1/2"]
[WhiteElo "2141"]
[BlackElo "2250"]
[PlyCount "24"]
[EventDate "2018.??.??"]

1. d4 Nf6 2. c4 e6 3. Nf3 d5 4. Nc3 Be7 5. Bg5 O-O 6. e3 h6 7. Bh4 b6 8. Be2
Bb7 9. Bxf6 Bxf6 10. cxd5 exd5 11. b4 c6 12. O-O Nd7 1/2-1/2

[Event "European Senior Chess Championship 2018"]
[Site "Drammen, Norway"]
[Date "2018.08.03"]
[Round "9"]
[White "Biro, Sandor"]
[Black "Gayson, Peter M"]
[Result "1/2-1/2"]
[WhiteElo "2193"]
[BlackElo "2150"]
[PlyCount "110"]
[EventDate "2018.??.??"]

1. e4 c5 2. c3 d5 3. exd5 Qxd5 4. d4 Nc6 5. Nf3 cxd4 6. cxd4 e5 7. Nc3 Bb4 8.
Be2 exd4 9. O-O Bxc3 10. bxc3 Nge7 11. Nxd4 O-O 12. Nxc6 Qxc6 13. Ba3 Re8 14.
Bf3 Qf6 15. Re1 Be6 16. Bxb7 Rad8 17. Qf3 Rd2 18. Qxf6 gxf6 19. c4 Rb8 20. Be4
f5 21. Bf3 Ng6 22. Bc5 Bxc4 23. Bxa7 Rbb2 24. a4 Ra2 25. a5 Ne5 26. Bb7 Nd3 27.
Rxa2 Rxa2 28. Re8+ Kg7 29. Bd4+ f6 30. Re7+ Kf8 31. Rxh7 Rxa5 32. h4 Ne5 33. f3
Rb5 34. Rc7 Rb1+ 35. Kh2 Bf1 36. h5 Rd1 37. Be3 Re1 38. Bh6+ Ke8 39. Rc2 Re2
40. Rxe2 Bxe2 41. Kg3 Bf1 42. Kf2 Bc4 43. Kg3 Bf1 44. Bc8 Bd3 45. Be6 Ke7 46.
Bc8 Kd8 47. Bb7 Ke7 48. Bd2 Kf7 49. Bc8 Kg7 50. Kf4 Bf1 51. Kxf5 Nf7 52. Kg4
Bxg2 53. Bc3 Ne5+ 54. Bxe5 Bxf3+ 55. Kxf3 fxe5 1/2-1/2

[Event "European Senior Chess Championship 2018"]
[Site "Drammen, Norway"]
[Date "2018.08.03"]
[Round "9"]
[White "Edvardsen, Ragnar"]
[Black "Jensen, Thore Nyboe"]
[Result "0-1"]
[WhiteElo "1969"]
[BlackElo "2083"]
[PlyCount "80"]
[EventDate "2018.??.??"]

1. e4 e6 2. d4 d5 3. Nd2 c5 4. c3 cxd4 5. cxd4 dxe4 6. Nxe4 Bb4+ 7. Nc3 Nc6 8.
Nf3 Nf6 9. a3 Be7 10. Bd3 a6 11. O-O O-O 12. Bg5 h6 13. Be3 b5 14. Rc1 Bb7 15.
h3 Rc8 16. Bb1 b4 17. axb4 Nxb4 18. Ne5 Bd6 19. Qe2 a5 20. Rfd1 Qe7 21. Ng4
Nxg4 22. Qxg4 f5 23. Qh5 Bc6 24. f4 Qb7 25. Qe2 Rf6 26. Qf2 Kf7 27. Ne2 Rg8 28.
Bd2 g5 29. fxg5 hxg5 30. Bxb4 axb4 31. Ba2 g4 32. h4 g3 33. Qf1 Be4 34. Bb3 Rg4
35. d5 Qa7+ 36. Nd4 e5 37. Qb5 exd4 38. Kf1 d3 39. Rd2 Rxh4 40. Rc8 Rh1# 0-1

[Event "European Senior Chess Championship 2018"]
[Site "Drammen, Norway"]
[Date "2018.08.03"]
[Round "9"]
[White "Ali, Karim"]
[Black "Rishovd, Svein"]
[Result "0-1"]
[WhiteElo "1819"]
[BlackElo "2046"]
[PlyCount "58"]
[EventDate "2018.??.??"]

1. Nf3 d5 2. d4 Nf6 3. e3 e6 4. Bd3 Bd6 5. b3 O-O 6. Nbd2 Nbd7 7. Bb2 b6 8. O-O
Bb7 9. Ne5 Ne4 10. f4 Nxd2 11. Qxd2 Nxe5 12. fxe5 Be7 13. Qe2 Qe8 14. Rf3 f5
15. Rh3 g6 16. Rf1 Rf7 17. Rhf3 Rg7 18. Rh3 Qd7 19. c4 Rf8 20. g4 Kh8 21. gxf5
gxf5+ 22. Rg3 Bh4 23. cxd5 Bxg3 24. hxg3 Rxg3+ 25. Kf2 Rfg8 26. Ke1 Qxd5 27.
Kd1 Rg2 28. Rf2 Rxf2 29. Qxf2 Qh1+ 0-1

[Event "European Senior Chess Championship 2018"]
[Site "Drammen, Norway"]
[Date "2018.08.03"]
[Round "9"]
[White "Krohg, Georg A"]
[Black "Harstad, Christian"]
[Result "1-0"]
[WhiteElo "1956"]
[BlackElo "1985"]
[PlyCount "37"]
[EventDate "2018.??.??"]

1. d4 Nf6 2. Nf3 e6 3. e3 b6 4. Bd3 Bb7 5. Nbd2 d5 6. c4 Bd6 7. O-O Nbd7 8. b3
O-O 9. Bb2 Ne4 10. Qc2 f5 11. Ne5 Bxe5 12. dxe5 Ndc5 13. Nxe4 Nxd3 14. Nf6+
gxf6 15. Qxd3 fxe5 16. Bxe5 c5 17. f4 Qh4 18. Rf3 dxc4 19. Rg3+ 1-0

[Event "European Senior Chess Championship 2018"]
[Site "Drammen, Norway"]
[Date "2018.08.03"]
[Round "9"]
[White "Syvertsen, Rolf E"]
[Black "Sielicki, Tomasz"]
[Result "1/2-1/2"]
[WhiteElo "1884"]
[BlackElo "1956"]
[PlyCount "52"]
[EventDate "2018.??.??"]

1. d4 Nf6 2. Bf4 d6 3. e3 g6 4. Nf3 Bg7 5. h3 O-O 6. Be2 Nc6 7. O-O Nd7 8. c3
e5 9. dxe5 dxe5 10. Bh2 Qe7 11. Na3 Nb6 12. Qc2 Be6 13. Rfd1 Rfd8 14. Nd2 a6
15. Nac4 Nxc4 16. Nxc4 Rxd1+ 17. Rxd1 Rd8 18. b3 Rxd1+ 19. Qxd1 f6 20. Qd3 Qd7
21. Qxd7 Bxd7 22. Bf3 b5 23. Nd2 Bf8 24. Bd5+ Kg7 25. f4 Bd6 26. Ne4 Ne7
1/2-1/2

[Event "European Senior Chess Championship 2018"]
[Site "Drammen, Norway"]
[Date "2018.08.03"]
[Round "9"]
[White "Andersson, Kjell-Ake"]
[Black "Gonzalez Pabollet, Jesus Maria S"]
[Result "1-0"]
[WhiteElo "1940"]
[BlackElo "1818"]
[PlyCount "51"]
[EventDate "2018.??.??"]

1. c4 e5 2. g3 Nf6 3. Bg2 d5 4. cxd5 Nxd5 5. Nc3 Be6 6. Nf3 Nc6 7. O-O Be7 8.
d3 Nxc3 9. bxc3 O-O 10. Be3 Qd7 11. Re1 Rad8 12. Ng5 Bf5 13. Qa4 a5 14. Rab1
Qc8 15. Qb5 Rd6 16. Qxb7 Qd7 17. Qb2 Nd8 18. Qb5 Nc6 19. Ne4 Rb8 20. Qa4 Rg6
21. Nc5 Rxb1 22. Rxb1 Bxc5 23. Bxc5 h5 24. Qh4 Rf6 25. Be3 g6 26. Qxf6 1-0

[Event "European Senior Chess Championship 2018"]
[Site "Drammen, Norway"]
[Date "2018.08.03"]
[Round "9"]
[White "Johansen, Arild"]
[Black "Andersen, Guttorm"]
[Result "0-1"]
[WhiteElo "1935"]
[BlackElo "1767"]
[PlyCount "84"]
[EventDate "2018.??.??"]

1. Nf3 d5 2. d4 Nf6 3. c4 c6 4. e3 e6 5. Nc3 Nbd7 6. Bd3 dxc4 7. Bxc4 b5 8. Bd3
a6 9. a4 b4 10. Ne4 c5 11. O-O Bb7 12. Nxf6+ Nxf6 13. Qe2 cxd4 14. exd4 Be7 15.
Bg5 O-O 16. Rfd1 Nd5 17. Qe4 g6 18. Bh6 Re8 19. Qe5 Bf6 20. Qe2 Qd6 21. Ne5 Ne7
22. Bc4 Bd5 23. Ng4 Bg7 24. Bxg7 Kxg7 25. Bxd5 Nxd5 26. Qe5+ Qxe5 27. Nxe5 Red8
28. Rac1 Rac8 29. Rc5 Nf4 30. Rxc8 Rxc8 31. g3 Nd5 32. Nd3 Rc2 33. a5 b3 34.
Rc1 Nb4 35. Rd1 Nxd3 36. Rxd3 Rxb2 37. Kg2 Kf6 38. d5 exd5 39. Rxd5 Ke6 40. Rd8
Ra2 41. Rb8 b2 42. Kf3 Kd5 0-1

[Event "European Senior Chess Championship 2018"]
[Site "Drammen, Norway"]
[Date "2018.08.03"]
[Round "9"]
[White "Voll, Oddvar U"]
[Black "Hansen, Roy Drange"]
[Result "1-0"]
[WhiteElo "1907"]
[BlackElo "1468"]
[PlyCount "57"]
[EventDate "2018.??.??"]

1. e4 c5 2. c3 Nc6 3. d4 cxd4 4. cxd4 e6 5. Nf3 d6 6. Nc3 a6 7. Bd3 g6 8. O-O
Bg7 9. Be3 Bd7 10. Qd2 Nf6 11. h3 O-O 12. a3 Na5 13. Qe2 Nb3 14. Rad1 b5 15.
Nd2 Na5 16. b4 Nc6 17. f4 Nh5 18. Qf2 Bf6 19. g4 Ng7 20. Nf3 Rc8 21. e5 dxe5
22. dxe5 Be7 23. Ne4 f5 24. exf6 Bxf6 25. Bb6 Bd4 26. Bxd4 Rxf4 27. Qe3 Nxd4
28. Qxf4 Qe7 29. Nf6+ 1-0

[Event "European Senior Chess Championship 2018"]
[Site "Drammen, Norway"]
[Date "2018.08.03"]
[Round "9"]
[White "Kirppo, Ronny"]
[Black "Lystad, Frank"]
[Result "1-0"]
[WhiteElo "1885"]
[BlackElo "1733"]
[PlyCount "57"]
[EventDate "2018.??.??"]

1. d4 f5 2. Nf3 Nf6 3. g3 e6 4. Bg2 Be7 5. O-O O-O 6. c4 d6 7. Nc3 Ne4 8. Qc2
Nxc3 9. bxc3 Nc6 10. d5 Na5 11. dxe6 Bxe6 12. Nd4 Bxc4 13. Nxf5 Bf6 14. Ne3 Ba6
15. Nd5 Rb8 16. Rb1 b6 17. Rb4 Bb7 18. Rd1 c6 19. Nxf6+ Qxf6 20. Rf4 Qe7 21.
Be4 g6 22. Bxg6 Rxf4 23. Bxf4 Ra8 24. Rxd6 Rf8 25. Bf5 Bc8 26. Bxc8 Rxc8 27.
Qf5 Re8 28. Rd7 Qf8 29. Qxh7# 1-0

[Event "European Senior Chess Championship 2018"]
[Site "Drammen, Norway"]
[Date "2018.08.03"]
[Round "9"]
[White "Bergquist, Rune"]
[Black "Gunnarsson, Lennart"]
[Result "1/2-1/2"]
[WhiteElo "1566"]
[BlackElo "1771"]
[PlyCount "49"]
[EventDate "2018.??.??"]

1. d4 Nf6 2. c4 c5 3. d5 b5 4. Qc2 bxc4 5. e4 d6 6. Bxc4 g6 7. Nc3 Bg7 8. Nge2
O-O 9. O-O Nbd7 10. Rb1 Nb6 11. b3 Bd7 12. Bb5 Bxb5 13. Nxb5 Qd7 14. Nbc3 Rfb8
15. Bd2 h5 16. f3 Rb7 17. Kh1 Rc8 18. Be3 Ne8 19. Qc1 Kh7 20. Qd2 Nc7 21. Rfc1
Rcb8 22. Qe1 Nb5 23. Nxb5 Qxb5 24. Nc3 Qa6 25. Qe2 1/2-1/2

[Event "European Senior Chess Championship 2018"]
[Site "Drammen, Norway"]
[Date "2018.08.03"]
[Round "9"]
[White "Lie, Bjorn"]
[Black "Kopperud, Vidar Aleksander"]
[Result "0-1"]
[WhiteElo "1551"]
[BlackElo "1742"]
[PlyCount "46"]
[EventDate "2018.??.??"]

1. d4 Nf6 2. c4 e6 3. Nc3 Bb4 4. Qc2 d5 5. e3 O-O 6. Nf3 c5 7. dxc5 Bxc5 8. a3
dxc4 9. Bxc4 a6 10. b4 Be7 11. Bd3 Qc7 12. Bb2 b5 13. Rc1 Bb7 14. Nd5 Nxd5 15.
Qxc7 Nxc7 16. Rxc7 Bxf3 17. gxf3 Bd6 18. Rc2 Nd7 19. Rc6 Be5 20. Rc2 Rac8 21.
Rxc8 Rxc8 22. Bxe5 Rc1+ 23. Kd2 Rxh1 0-1

[Event "European Senior Chess Championship 2018"]
[Site "Drammen, Norway"]
[Date "2018.08.03"]
[Round "9"]
[White "Warstad, Leif E"]
[Black "Skar, Oystein"]
[Result "0-1"]
[WhiteElo "1564"]
[BlackElo "1705"]
[PlyCount "56"]
[EventDate "2018.??.??"]

1. d4 e6 2. Nf3 Nf6 3. c4 c5 4. d5 b5 5. cxb5 Nxd5 6. Nc3 Nxc3 7. bxc3 Be7 8.
e3 O-O 9. Be2 a6 10. O-O axb5 11. Bxb5 d5 12. Qe2 Bb7 13. Rd1 Qc7 14. Bb2 Bf6
15. a4 Nc6 16. Rab1 Na5 17. Nd2 Rfd8 18. e4 c4 19. exd5 exd5 20. Nf3 Nb3 21.
Qc2 Bc6 22. Qf5 Bxb5 23. axb5 Qd7 24. Nd4 Nxd4 25. Qxd7 Rxd7 26. cxd4 Rb7 27.
Bc3 Rab8 28. Re1 h6 0-1

[Event "European Senior Chess Championship 2018"]
[Site "Drammen, Norway"]
[Date "2018.08.03"]
[Round "9"]
[White "Frimanslund, Berge"]
[Black "Stubrud, Jan Magne"]
[Result "0-1"]
[WhiteElo "1521"]
[BlackElo "1667"]
[PlyCount "74"]
[EventDate "2018.??.??"]

1. d4 Nf6 2. c4 e5 3. dxe5 Ng4 4. Nf3 Bc5 5. e3 Nc6 6. Nbd2 Ngxe5 7. a3 a5 8.
Be2 Ra6 9. b3 Nxf3+ 10. Nxf3 Qf6 11. Rb1 Ne5 12. Nxe5 Qxe5 13. Bb2 Qg5 14. Bf3
O-O 15. O-O Rh6 16. Qd5 Qh4 17. h3 d6 18. Qe4 Qg5 19. Qf4 Qg6 20. Qg3 Qxg3 21.
fxg3 Bxe3+ 22. Kh2 c6 23. b4 Bb6 24. Rbd1 Re8 25. Bc1 Rg6 26. Bh5 Rf6 27. Rxf6
gxf6 28. Rxd6 Re1 29. Bd2 Ra1 30. c5 Bc7 31. Rxf6 Be6 32. Rf2 Rxa3 33. Bf4 Bxf4
34. gxf4 axb4 35. f5 Bd5 36. f6 Ra2 37. Kg3 Rxf2 0-1